| 000 | 00878nam a2200229Ii 4500 | ||
|---|---|---|---|
| 003 | JO-AjNU | ||
| 008 | 230605s9999||||xx |||||||||||||| ||und|| | ||
| 017 | _a1978/2675 | ||
| 020 | _a977-247-241-4 | ||
| 040 |
_aJO-AjNU _bara _erda _cJO-AjNU |
||
| 041 | _aara | ||
| 050 | 1 | 4 | _aHA29.S5812.1978 |
| 100 | 3 |
_aسميث، ج.ملتون/ترجمة ابراهيم بسيوني عميرة, _eauthor _940127 |
|
| 245 | 0 | 0 | _aالدليل الى الاحصاء في التربية وعلم النفس=This is a translation of A Simplified Guide to Statistics for Psychology and Education |
| 250 | _aط1 | ||
| 264 | 3 | 1 | _aالقاهرة:دار المعارف،1978 |
| 300 | _a252ص | ||
| 336 |
_atext _btxt _2rdacontent |
||
| 337 |
_aunmediated _bn _2rdamedia |
||
| 338 |
_avolume _bnc _2rdacarrier |
||
| 650 | 4 |
_aعلم النفس التربوي - أساليب إحصائية _940128 |
|
| 999 |
_aA17003 _c20571 _d20571 |
||